000 00292nam a22001337a 4500
008 171024b xxu||||| |||| 00| 0 eng d
020 _a020101503
041 _aeng
080 _a311
100 _a55
101 _aSTA
245 _aPROBALITY AND STATISTICS
_cMORRIS.H.D
942 _2udc
_cBK
999 _c35616
_d35616